Sports Quiz

Random Sports Quiz

1999 Mets Playoff roster Quiz Stats

 Plays Quiz not verified by Sporcle

Score 0/25 Timer 06:00
0 Plays Today
% Correct
Mike Piazza
99.3%
Robin Ventura
92.1%
Al Leiter
90%
John Olerud
89.6%
Rey Ordonez
89.1%
Edgardo Alfonzo
88.2%
John Franco
80%
Matt Franco
79.1%
Armando Benitez
74.4%
Benny Agbayani
68%
Rick Reed
66%
Turk Wendell
60.5%
Todd Pratt
59%
% Correct
Rickey Henderson
58.3%
Dennis Cook
52.4%
Darryl Hamilton
50.8%
Kenny Rogers
46%
Roger Cedeno
45.6%
Bobby Bonilla
37.4%
Masato Yoshii
37%
Melvin Mora
34.9%
Orel Hershiser
33.3%
Pat Mahomes
29.5%
Octavio Dotel
29%
Shawon Dunston
29%

You're not logged in!

Compare scores with friends on all Sporcle quizzes.
Join for Free
OR
Log In

You Might Also Like...

Show Comments

Extras

Created Jan 25, 2010ReportFavoriteNominate
Tags:1999, met, playoff, roster

Top Quizzes Today


Score Distribution

Your Account Isn't Verified!

In order to create a playlist on Sporcle, you need to verify the email address you used during registration. Go to your Sporcle Settings to finish the process.

Report this User

Report this user for behavior that violates our Community Guidelines.

Details: